Los principios de la exposición contable (Registro nro. 12377)

Detalles MARC
000 -LEADER
fixed length control field 00439 a2200157 4500
001 - CONTROL NUMBER
control field ART_46565
005 - DATE AND TIME OF LATEST TRANSACTION
control field 20260410161630.0
008 - FIXED-LENGTH DATA ELEMENTS--GENERAL INFORMATION
fixed length control field 260409a
100 1# - MAIN ENTRY--PERSONAL NAME
Personal name Werbin, Eliana M.
245 10 - TITLE STATEMENT
Title Los principios de la exposición contable
700 1# - ADDED ENTRY--PERSONAL NAME
Personal name Quadro, Martín E.
700 1# - ADDED ENTRY--PERSONAL NAME
Personal name Bertoldi, Norma
700 1# - ADDED ENTRY--PERSONAL NAME
Personal name Priotto, Hugo C.
700 1# - ADDED ENTRY--PERSONAL NAME
Personal name Veteri, Liliana J.
773 0# - HOST ITEM ENTRY
Title Enfoques
Related parts - N°6 (jun. 2018)
Record control number REV416

No hay ítems disponibles.